[Event "V Sunway Sitges Open 2018"]
[Site "Sitges"]
[Date "2018.12.19"]
[Round "6"]
[White "Sasikiran, Krishnan"]
[Black "Sadhwani, Raunak"]
[Result "1-0"]
[WhiteElo "2673"]
[BlackElo "2434"]
[Annotator "TA"]
[PlyCount "53"]
[EventDate "2018.12.14"]
[EventType "swiss"]
[EventCountry "ESP"]
[SourceTitle "playchess.com"]
[Source "ChessBase"]
[SourceQuality "1"]

{[%evp 15,53,19,43,27,47,46,58,44,47,42,70,31,46,38,80,0,162,143,278,274,283,283,277,277,268,181,943,949,1002,1006,977,918,4894,4902,4902,4886,2581,522,1710,1559]} 1. e4 c6 2. d4 d5 3. e5 Bf5 4. Nd2 e6 5. Nb3 Nd7 6. Nf3 a6 {B12: Caro-Kann: Advance Variation} 7. Be2 c5 8. dxc5 Nxc5 {LiveBook: 4 Games. The position is equal.} 9. O-O Rc8 10. c3 $146 ({Predecessor:} 10. c4 dxc4 11. Bxc4 Qxd1 12. Rxd1 Nxb3 13. Bxb3 Bc5 14. Nd4 {0-1 (31) Alekseev,E (2708)-Karpov,A (2651) Moscow 2008}) 10... Ne7 11. Nxc5 Rxc5 12. Nd4 Bg6 13. b4 Rc8 14. b5 $36 {[%mdl 2048] Black is under pressure.} axb5 15. Bg5 (15. h4 $1 $16) 15... Qa5 $2 (15... Qc7 $1 $11) 16. a4 $1 $18 {[%cal Ba2a4,Ba4a5,Ba5a6,Ba6b7][%mdl 32]} ({Don't play} 16. Bxb5+ $6 Nc6 $11) 16... b4 (16... Qc7 $16 {was worth a try.}) 17. cxb4 $1 Qxb4 {[#]} 18. a5 $1 Nc6 {[#]} 19. Ra4 $1 {[%cal Ra4b4]} Qb2 20. a6 Nxd4 $2 (20... Bc5) 21. Qxd4 {White is clearly winning.} Ba3 22. Qxb2 Bxb2 23. Bb5+ Kf8 24. axb7 {[%cal Rb7c8]} Rb8 25. Ra8 {[%cal Ra8b8]} Bxe5 26. Rxb8+ Bxb8 27. Rc1 {Accuracy: White = 88%, Black = 17%.} 1-0

[Event "V Sunway Sitges Open 2018"]
[Site "Sitges"]
[Date "2018.12.19"]
[Round "6"]
[White "Indjic, Aleksandar"]
[Black "Nihal, Sarin"]
[Result "1/2-1/2"]
[WhiteElo "2620"]
[BlackElo "2576"]
[Annotator "TA"]
[PlyCount "57"]
[EventDate "2018.12.14"]
[EventType "swiss"]
[EventCountry "ESP"]
[SourceTitle "playchess.com"]
[Source "ChessBase"]
[SourceQuality "1"]

{[%evp 14,57,1,0,9,0,-3,-16,6,0,0,0,0,0,-6,-7,-6,-16,0,0,0,0,0,7,30,18,20,32,35,9,12,0,0,2,25,10,10,-19,-27,-22,-20,-27,-27,-20,-6,-15]} 1. e4 e5 2. Nf3 Nc6 3. Bb5 Nf6 4. d3 Bc5 5. Bxc6 dxc6 6. h3 {C65: Ruy Lopez: Berlin Defence (3...Nf6), unusual lines and 4 0-0 Bc5} (6. Nbd2 Be6 7. O-O Nd7 8. Nb3 Bb6 9. Ng5 Bxb3 10. axb3 f6 11. Nf3 Nf8 12. Nd2 Qd7 13. Nc4 Ne6 {½-½ (54) Saric,I (2689)-Caruana,F (2827) Batumi 2018}) 6... O-O 7. Nc3 Re8 8. Be3 {LiveBook: 5 Games} Bb4 9. Qd2 $146 ({Predecessor:} 9. O-O Nd7 10. Ne2 Nf8 11. Bg5 Be7 12. Bxe7 Qxe7 13. Qd2 Ng6 {½-½ (23) Alekseenko,K (2621)-Motylev,A (2659) Yaroslavl 2018}) 9... Nd7 10. g4 Nf8 11. a3 Ba5 12. Rg1 Qd6 13. d4 exd4 14. Nxd4 c5 15. Nde2 Qc6 16. Qd5 Qxd5 17. exd5 b6 18. O-O-O Ba6 19. a4 Bxc3 20. Nxc3 Ng6 21. Rg3 Rad8 22. b3 Bb7 23. Nb5 Re7 ({Don't blunder} 23... Bxd5 $2 24. Nxc7 Bc6 25. Nxe8 $18) 24. c4 c6 25. dxc6 Rxd1+ 26. Kxd1 Bxc6 27. Nc3 f6 28. Kc2 Ne5 29. f4 {Accuracy: White = 45%, Black = 60%.} 1/2-1/2

[Event "V Sunway Sitges Open 2018"]
[Site "Sitges"]
[Date "2018.12.19"]
[Round "6"]
[White "Gordievsky, Dmitry"]
[Black "Demianjuk, Alexander"]
[Result "1-0"]
[WhiteElo "2614"]
[BlackElo "2344"]
[Annotator "TA"]
[PlyCount "94"]
[EventDate "2018.12.14"]
[EventType "swiss"]
[EventCountry "ESP"]
[SourceTitle "playchess.com"]
[Source "ChessBase"]
[SourceQuality "1"]

{[%evp 15,94,-15,-3,-20,31,27,30,-36,-36,-39,-41,-42,0,-2,0,-7,-8,-15,-11,-16,-6,-27,0,-4,32,18,24,24,14,7,10,13,10,14,17,13,7,8,48,25,62,26,29,22,39,39,53,58,70,66,68,68,93,93,95,95,102,102,98,87,137,139,192,192,199,199,282,282,408,395,400,309,671,658,757,756,1134,1096,1863,1905,1604]} 1. Nf3 c5 2. c4 Nf6 3. Nc3 Nc6 4. g3 d5 5. cxd5 Nxd5 6. Bg2 g6 7. d3 Bg7 8. Bd2 O-O {LiveBook: 66 Games. A34: Symmetrical English: 2 Nc3, lines with ...d5} 9. Qa4 $146 ({Predecessor:} 9. O-O b6 10. d4 cxd4 11. Nxd5 Qxd5 12. Nxd4 Qxd4 13. Bxc6 Bh3 14. Bc3 Qxd1 15. Rfxd1 Rad8 16. Bxg7 Kxg7 17. Bd5 Kf6 {½-½ (27) Nisipeanu,L (2683)-Vachier Lagrave,M (2791) Dortmund 2017}) 9... e6 (9... Nxc3 $11 10. bxc3 Bd7) 10. Rc1 $14 Bd7 {[%cal Bc8d7,Bd7c6,Bc6b5][%mdl 32] White has an edge.} 11. Qc2 (11. Nxd5 $11 exd5 12. Rxc5) 11... b6 $15 12. O-O Rc8 13. Qb1 Nce7 14. Rfd1 Bc6 15. Nxd5 exd5 16. d4 Bb5 17. dxc5 bxc5 18. e3 Qb6 19. Bc3 Rfd8 20. Bxg7 Kxg7 21. b3 Qf6 {[#] Strongly threatening ...Be2.} 22. Qa1 (22. Nd2 {looks sharper.} Nf5 23. a4 Be2 24. Re1 Ba6 25. Bh3) 22... Qxa1 23. Rxa1 a5 24. Rd2 a4 25. Rc1 axb3 26. axb3 Ra8 27. h3 Rdc8 28. Rdc2 c4 29. bxc4 Bxc4 30. Ne5 {[%cal Re5c4]} Bb3 31. Rc7 Rxc7 32. Rxc7 Re8 33. g4 f6 34. Nc6 Kf8 35. Nd4 Bc4 36. Kh2 Rc8 37. Rb7 Kf7 38. h4 {[%cal Bh3h4,Bh4h5,Bh5h6][%mdl 32]} Kf8 {[#]} (38... Ke8 $16 {was called for.} 39. g5 f5) 39. g5 $1 $18 {[%cal Rg5f6]} f5 40. Kg3 Kf7 (40... Re8 {keeps fighting.} 41. Ra7 Kf7) 41. h5 Kf8 (41... Re8 $142 42. Kf4 Kf8 43. hxg6 Nxg6+ 44. Kg3 Re7) 42. h6 Kf7 43. Kf4 Ba2 $2 (43... Re8 44. Ke5 Kf8 45. Ne6+ Kg8) 44. Ra7 {White is clearly winning.} Bc4 45. Bf3 Rc5 46. Bd1 Bb5 47. Ke5 Ke8 {Accuracy: White = 70%, Black = 32%.} 1-0

[Event "V Sunway Sitges Open 2018"]
[Site "Sitges"]
[Date "2018.12.19"]
[Round "6"]
[White "Liang, Awonder"]
[Black "Andreikin, Dmitry"]
[Result "1/2-1/2"]
[WhiteElo "2589"]
[BlackElo "2719"]
[Annotator "TA"]
[PlyCount "123"]
[EventDate "2018.12.14"]
[EventType "swiss"]
[EventCountry "ESP"]
[SourceTitle "playchess.com"]
[Source "ChessBase"]
[SourceQuality "1"]

{[%evp 22,123,22,26,40,29,47,39,67,26,41,31,10,0,0,-16,-8,-15,-24,-26,0,0,0,-24,-20,-32,-38,-83,-83,-83,-83,-83,-83,-83,-83,-83,-84,-82,-72,-88,-52,-32,-33,-30,-43,-30,-40,-31,-35,-81,-58,-108,0,0,0,0,0,0,0,0,0,0,0,-10,0,0,0,0,0,0,0,0,0,0,0,0,0,0,0,0,0,0,0,0,0,0,0,0,0,0,0,0,0,0,0,0,0,0,0,0,0,0,0,0]} 1. e4 c6 2. Nc3 d5 3. Nf3 Bg4 4. h3 Bxf3 5. Qxf3 Nf6 6. d3 e6 7. Be2 Bd6 8. O-O {B11: Caro-Kann: Two Knights Variation} Nbd7 {[%cal Bb8d7,Bd7f6,Bf6g4][%mdl 32]} (8... d4 9. Nb1 Nbd7 10. Bd1 O-O 11. Qe2 Qc7 12. f4 e5 13. f5 c5 14. c4 Ne8 15. g4 f6 {1-0 (44) McShane,L (2685)-Hawkins,J (2554) London 2015}) 9. d4 dxe4 10. Nxe4 Nxe4 11. Qxe4 Nf6 12. Qf3 {LiveBook: 5 Games} Bc7 13. Rd1 h5 $146 ({Predecessor:} 13... Qd5 14. c4 Qxf3 15. Bxf3 {1-0 (67) De Gleria,F (2195)-Woller,R (2230) Goch 1995}) 14. h4 Ng4 15. Bg5 Bh2+ 16. Kh1 f6 17. Be3 {[#] Hoping for g3.} Bc7 18. Bc4 Qe7 19. Bf4 O-O-O {[%cal Be8c8,Bc8b8,Bb8c7][%mdl 32]} 20. Bxc7 Qxc7 {[%csl Gg4][%cal Rc7h2]} 21. Bxe6+ Kb8 {[%csl Gg4][%cal Rc7h2]} 22. Bxg4 hxg4 23. Qg3 g5 24. Qxc7+ Kxc7 $15 {[%mdl 4096] Endgame KRR-KRR} 25. g3 gxh4 26. gxh4 Rxh4+ 27. Kg2 f5 28. c3 Rdh8 {White must now prevent ...f4.} 29. Rg1 f4 30. Kf1 Re8 31. Re1 Rxe1+ 32. Kxe1 {KR-KR} Kd6 33. Kd2 $1 Kd5 34. Kd3 $1 b5 35. a4 a6 36. axb5 axb5 (36... cxb5 $17 37. f3 g3) 37. Rg2 $11 {The position is equal.} Rh3+ 38. Kd2 Rh4 39. Kd3 $1 {[#]} g3 $1 {[%mdl 512]} 40. fxg3 Rg4 41. b3 fxg3 (41... b4 {is more complex.} 42. c4+ Kd6 43. Ke4 fxg3+ 44. Kf5 Rxd4 45. Rxg3 Rh4) 42. c4+ Ke6 43. cxb5 cxb5 {And now ...Kd5 would win.} 44. Kc3 $1 Kd5 {aiming for ...Ke4.} 45. Kb4 $1 Kc6 ({Resist} 45... Kxd4 46. Kxb5 Kc3 47. Kc5 $17) 46. Ka5 Rg5 47. b4 Rg6 (47... Rg4 {seems wilder.} 48. d5+ Kxd5 49. Kxb5 Kd6 50. Ka6 Kc7) 48. d5+ Kxd5 49. Kxb5 Ke4 50. Kc5 Kf3 (50... Rg5+ {is interesting.} 51. Kb6 Rg6+ 52. Kc5) 51. Rg1 Kf2 52. Ra1 g2 53. b5 Re6 54. b6 Re1 55. Ra2+ Re2 56. Ra1 Re1 57. Ra2+ Re2 58. Ra1 Rb2 59. Kc6 g1=Q 60. Rxg1 Kxg1 61. b7 Rxb7 62. Kxb7 {Accuracy: White = 74%, Black = 65%.} 1/2-1/2

[Event "V Sunway Sitges Open 2018"]
[Site "Sitges"]
[Date "2018.12.19"]
[Round "6"]
[White "Lopez Martinez, Josep Manuel"]
[Black "Alonso Rosell, Alvar"]
[Result "0-1"]
[WhiteElo "2580"]
[BlackElo "2524"]
[Annotator "TA"]
[PlyCount "64"]
[EventDate "2018.12.14"]
[EventType "swiss"]
[EventCountry "ESP"]
[SourceTitle "playchess.com"]
[Source "ChessBase"]
[SourceQuality "1"]

{[%evp 22,64,20,20,14,12,15,25,38,-7,-10,-29,58,39,161,164,145,34,199,80,240,196,105,0,0,-430,-422,-408,-426,-413,-405,-781,-783,-950,-934,-1118,-1100,-1735,-1635,-1911,-1764,-3003,-3004,-1745,-1603]} 1. d4 d5 2. c4 e6 3. Nf3 Nf6 4. Nc3 Bb4 5. cxd5 exd5 6. Bg5 h6 7. Bh4 Nbd7 {D38: Queen's Gambit Declined: Ragozin Defence (4 Nf3 Bb4)} 8. Qc2 g5 9. Bg3 Ne4 10. Nd2 Nxg3 11. hxg3 c6 12. a3 {LiveBook: 6 Games} (12. e3 Kf8 13. Bd3 Nf6 14. a3 Ba5 15. Nb3 Bc7 {1-0 (41) Melkumyan,H (2660)-Naiditsch,A (2721) Batumi 2018}) 12... Be7 13. e4 $146 ({Predecessor:} 13. e3 Nb6 14. Bd3 Qc7 15. Bh7 Qd6 16. Nb3 Bg4 17. Nc5 Nc4 18. Bd3 b6 19. N5e4 Qe6 20. Nd2 Nxd2 21. Kxd2 Qd6 22. Rae1 O-O-O 23. Bf5+ Bxf5 24. Qxf5+ Qe6 25. Qxe6+ {½-½ (25) Schmidt,T (2385)-Gazi,M (2342) ICCF email 2012}) 13... Nb6 14. e5 Be6 15. Nb3 Nc4 16. Bd3 b5 (16... Qc7 $11) 17. a4 Qb6 (17... a6 $14) 18. axb5 $18 cxb5 19. Bf5 (19. f4 $1 $16) 19... h5 $2 {[#]} (19... a5 $14) 20. Bxe6 (20. Nc5 $1 $18 Bxc5 21. dxc5 Qxc5 22. Bxe6 fxe6 23. Qg6+ Kd7 24. Ra6) 20... fxe6 $2 (20... Qxe6 $16 21. Qe2 (21. Nxb5 Qb6 $16) 21... a6) 21. Qg6+ Kd7 {[#]} 22. Qg7 ({Of course not} 22. Rxh5 $6 Rxh5 23. Qxh5 Rf8 $11) ({White should try} 22. Nc5+ $1 $16 {[%mdl 512]} Bxc5 23. dxc5 Qxc5 24. Ra6) 22... Rag8 $11 23. Nc5+ $2 {[%mdl 8192]} (23. Qf7 $1 $11 {and White stays safe.} Rf8 24. Qg7) 23... Ke8 $19 24. Rxh5 Rxg7 25. Rxh8+ Kf7 26. b4 (26. Ra6 $142 Bxc5 27. Rxb6 Bxb6 28. Nxb5) 26... Bxc5 {Black is clearly winning.} 27. bxc5 Qb7 28. Rh6 b4 {[%cal Bb5b4,Bb4b3,Bb3b2][%mdl 32]} 29. Nb5 b3 {Hoping for ...b2.} 30. Nd6+ Nxd6 31. cxd6 b2 32. Rb1 Qb4+ {[%mdl 64] Double Attack. Accuracy: White = 26%, Black = 40%.} 0-1

[Event "V Sunway Sitges Open 2018"]
[Site "Sitges"]
[Date "2018.12.19"]
[Round "6"]
[White "Xu, Xiangyu"]
[Black "Vaishali R"]
[Result "1/2-1/2"]
[WhiteElo "2565"]
[BlackElo "2329"]
[Annotator "TA"]
[PlyCount "46"]
[EventDate "2018.12.14"]
[EventType "swiss"]
[EventCountry "ESP"]
[SourceTitle "playchess.com"]
[Source "ChessBase"]
[SourceQuality "1"]

{[%evp 21,46,28,20,0,0,0,4,2,25,25,41,41,41,41,43,41,51,41,65,51,55,55,54,29,35,0,0]} 1. Nf3 d5 2. g3 g6 3. Bg2 Bg7 4. d4 c6 5. O-O Nf6 6. b3 O-O 7. c4 dxc4 8. bxc4 c5 9. Bb2 {[%cal Bc1b2,Bb2e5,Be5c7][%mdl 32]} cxd4 10. Nxd4 Nc6 {A49: 1 d4 Nf6 2 Nf3 g6 3 g3: Anti-King's Indian systems} 11. Nxc6 bxc6 {LiveBook: 7 Games} 12. Qxd8 (12. Nd2 Bg4 13. Bxc6 Rc8 14. Bf3 Bxf3 15. exf3 Qd3 16. Rc1 Rfd8 17. Bc3 Bh6 18. f4 {½-½ (28) Shankland,S (2722)-Svidler,P (2756) Hoogeveen 2018}) 12... Rxd8 13. Bxc6 Rb8 14. Be5 Rb4 $146 ({Predecessor:} 14... Rb6 15. Bf3 Re6 16. Bc3 Ne4 17. Bxg7 Kxg7 18. e3 {½-½ (51) Atakisi,U (2385)-Ozturk,K (2266) Veliko Gradiste 2017}) 15. Na3 Ng4 16. Bc7 Bxa1 17. Bxd8 Bf6 $1 18. Rb1 Rxb1+ 19. Nxb1 Kf8 20. Nd2 Bd4 21. e3 $1 {[%cal Re3d4]} Ne5 {[#] Strongly threatening ...Bc3.} 22. Bb5 Bc3 23. Ne4 Bb4 1/2-1/2

[Event "V Sunway Sitges Open 2018"]
[Site "Sitges"]
[Date "2018.12.19"]
[Round "6"]
[White "Kelires, Andreas"]
[Black "Praggnanandhaa, R."]
[Result "1/2-1/2"]
[WhiteElo "2535"]
[BlackElo "2530"]
[Annotator "TA"]
[PlyCount "54"]
[EventDate "2018.12.14"]
[EventType "swiss"]
[EventCountry "ESP"]
[SourceTitle "playchess.com"]
[Source "ChessBase"]
[SourceQuality "1"]

{[%evp 20,54,23,12,19,10,10,8,0,-36,-30,-20,-10,-26,0,-21,0,-9,-6,-8,0,-8,-8,-1,-12,-19,-9,-16,-12,-43,0,0,0,-46,0,0,0]} 1. d4 Nf6 2. c4 e6 3. Nf3 d5 4. g3 Be7 5. Bg2 O-O 6. O-O dxc4 7. Qc2 c6 8. Qxc4 b5 9. Qc2 Bb7 10. Bg5 Nbd7 11. Nc3 {LiveBook: 9 Games} c5 {E06: Closed Catalan: Early deviations} (11... Rc8 12. Rfd1 c5 13. dxc5 Rxc5 14. Be3 Rc8 15. a3 Qc7 16. Rac1 a6 17. Qb1 Qb8 18. Ng5 Rfd8 19. Nge4 Nxe4 20. Nxe4 Nf6 21. Rxc8 Rxc8 22. Bd4 Nxe4 23. Bxe4 h6 {½-½ (23) Andriasian,Z (2586)-Ni,H (2670) chess.com INT 2018}) 12. Rfd1 $146 ({Predecessor:} 12. dxc5 b4 13. Na4 Be4 14. Qb3 Nxc5 15. Nxc5 Bxc5 16. Ne5 Bxg2 17. Kxg2 Qc7 18. Bxf6 gxf6 19. Nd3 {½-½ (38) Berg,B (2212)-Askeloef,P (2188) ICCF email 2011}) 12... b4 13. Na4 {[%cal Rd4c5]} Be4 14. Qc1 {[%cal Ra4c5]} cxd4 15. Rxd4 {[#] Hoping for Bxf6.} Qe8 16. Qd1 h6 17. Bd2 a5 18. Rc1 Rc8 19. Ne1 Bxg2 20. Nxg2 Ne5 21. Rxc8 Qxc8 22. Ne3 Qa6 23. b3 Rc8 24. Bc1 Nc6 25. Rd3 Ne5 26. Rd4 Nc6 27. Rd3 Ne5 {Accuracy: White = 52%, Black = 57%.} 1/2-1/2

[Event "V Sunway Sitges Open 2018"]
[Site "Sitges"]
[Date "2018.12.19"]
[Round "6"]
[White "Harutyunian, Tigran K."]
[Black "Adly, Ahmed"]
[Result "1-0"]
[WhiteElo "2528"]
[BlackElo "2626"]
[Annotator "TA"]
[PlyCount "79"]
[EventDate "2018.12.14"]
[EventType "swiss"]
[EventCountry "ESP"]
[SourceTitle "playchess.com"]
[Source "ChessBase"]
[SourceQuality "1"]

{[%evp 12,79,0,-11,0,-26,-20,-23,0,0,0,0,39,34,28,14,18,28,87,30,6,0,87,-12,-6,-93,-99,-152,-186,-247,-100,-106,-98,-88,-127,-139,251,247,227,193,226,269,260,256,241,244,252,254,214,208,1270,1280,1261,1220,29949,9821,5922,5406,5402,5402,29976,29975,29980,29981,29982,29983,29985,29984,29980,29981]} 1. d4 Nf6 2. Nf3 d5 3. c4 e6 4. Nc3 c5 5. Bg5 cxd4 6. Nxd4 e5 7. Bxf6 gxf6 {D50: Queen's Gambit Declined: Dutch-Peruvian Gambit} 8. Nc2 (8. Nb3 d4 9. Nd5 Nc6 10. e4 dxe3 11. fxe3 Bg7 12. Qh5 f5 13. O-O-O O-O 14. g4 fxg4 15. h3 {½-½ (63) Jankovic,A (2579)-Jovanic,O (2473) Sibenik 2016}) 8... d4 9. Nd5 Be6 {Black has an edge.} 10. e4 Nd7 $146 ({Predecessor:} 10... Bxd5 11. cxd5 Nd7 12. Bd3 Qa5+ 13. Qd2 Qxd2+ 14. Kxd2 Bh6+ 15. Ke2 {0-1 (29) Feller,G (1678)-Menna Barreto,F (2271) Caioba 2017}) 11. Bd3 h5 12. O-O h4 13. h3 Bh6 14. b4 f5 (14... Kf8 $11) 15. exf5 ({White should play} 15. f4 $1 $16) 15... Bxd5 $1 $11 16. cxd5 Kf8 (16... Nf6 $11) 17. Na3 (17. Re1 $16) 17... Nf6 18. Bc4 (18. Re1 $11 {remains equal.}) 18... Rc8 $17 19. Bb3 (19. Qd3 $142) 19... Rg8 (19... Nxd5 $6 20. Qf3 $15) 20. Nb5 (20. Kh1 {was called for.}) 20... a6 (20... Qd7 $19 21. Qd3 a6 22. Nxd4 exd4) 21. Nxd4 exd4 22. Qxd4 {next d6 is good for White.} Qd6 23. Rae1 {And now Re6! would win.} Bf4 $2 {[%mdl 8192] [#]} (23... Kg7 $1 $17 {keeps the pressure on.} 24. Re4 Rce8 25. Rg4+ (25. Rxh4 $2 Bg5 $19) 25... Kf8 26. Rxg8+ Kxg8 27. Qxh4 Bd2) 24. Re6 $1 $18 {[%cal Re6d6][%mdl 512]} fxe6 25. Qxf6+ {[%mdl 64] Double Attack} Ke8 {aiming for ...Bg5.} 26. dxe6 Rf8 27. Qg6+ $1 ({Not} 27. Qxh4 Rxf5 28. Qh7 Rf8 $16) 27... Kd8 {[#]} 28. Rd1 $1 (28. f6 $6 Kc7) 28... Rc1 {[#]} 29. Rxc1 $1 ({Don't do} 29. e7+ $6 Kxe7 30. Qxd6+ Bxd6 $16) 29... Bxc1 30. f6 {[%cal Bf5f6,Bf6f7][%mdl 32]} Re8 $2 (30... Kc7 31. e7 Rb8) 31. f7 Rf8 32. Qf6+ {[%mdl 64] Double Attack} Qe7 33. Qd4+ Kc8 34. Qc3+ Kb8 35. Qxc1 Rc8 36. Qe3 {White mates.} Ka8 37. Bd5 Kb8 38. Qb6 Rc1+ 39. Kh2 Rc7 {[#]} 40. Bxb7 $1 {[%mdl 512] Accuracy: White = 58%, Black = 34%.} 1-0

[Event "V Sunway Sitges Open 2018"]
[Site "Sitges"]
[Date "2018.12.19"]
[Round "6"]
[White "Santos Ruiz, Miguel"]
[Black "Inarkiev, Ernesto"]
[Result "1/2-1/2"]
[WhiteElo "2523"]
[BlackElo "2693"]
[Annotator "TA"]
[PlyCount "22"]
[EventDate "2018.12.14"]
[EventType "swiss"]
[EventCountry "ESP"]
[SourceTitle "playchess.com"]
[Source "ChessBase"]
[SourceQuality "1"]

{[%evp 21,22,0,0]} 1. c4 c5 2. Nf3 Nf6 {[%cal Bg8f6,Bf6d5,Bd5b4,Bb4d3][%mdl 32]} 3. Nc3 d5 4. cxd5 Nxd5 5. e4 Nb4 6. Bc4 Nd3+ 7. Ke2 Nf4+ 8. Kf1 Nd3 $146 ({Predecessor:} 8... Ne6 9. h4 Nd4 10. Nb5 Be6 11. d3 Nbc6 12. Nbxd4 Bxc4 13. dxc4 cxd4 14. Bf4 e6 15. Rh3 {0-1 (35) Dominguez Perez,L (2739)-Vachier Lagrave,M (2779) Saint Louis 2018}) 9. Ke2 Nf4+ 10. Kf1 Nd3 11. Ke2 Nf4+ {LiveBook: 218 Games. A34: Symmetrical English: 2 Nc3, lines with ...d5} 1/2-1/2

[Event "V Sunway Sitges Open 2018"]
[Site "Sitges"]
[Date "2018.12.19"]
[Round "6"]
[White "Stella, Andrea"]
[Black "Romanov, Evgeny"]
[Result "1/2-1/2"]
[WhiteElo "2503"]
[BlackElo "2614"]
[Annotator "TA"]
[PlyCount "35"]
[EventDate "2018.12.14"]
[EventType "swiss"]
[EventCountry "ESP"]
[SourceTitle "playchess.com"]
[Source "ChessBase"]
[SourceQuality "1"]

{[%evp 18,35,40,36,39,39,68,62,55,64,59,56,77,82,91,0,66,0,100,0]} 1. d4 d5 2. c4 dxc4 3. e4 Nf6 {[%cal Bg8f6,Bf6d5,Bd5b6][%mdl 32]} 4. e5 Nd5 5. Bxc4 Nc6 6. Ne2 Nb6 7. Bd3 Bg4 8. Be3 {D20: Queen's Gambit Accepted: 3 e3 and 3 e4} (8. f3 Be6 9. Nbc3 Qd7 10. a4 Bc4 11. Bxc4 Nxc4 12. b3 Nb6 13. e6 fxe6 14. Ne4 e5 15. a5 Nd5 16. dxe5 e6 17. O-O Nxe5 {1-0 (37) Korobov,A (2685)-Predke,A (2612) Biograd 2018}) 8... Qd7 9. Nbc3 O-O-O 10. a4 {LiveBook: 7 Games. White is slightly better.} Nd5 11. Nxd5 Bxe2 $146 ({Predecessor:} 11... Qxd5 12. f3 Be6 13. O-O Nb4 14. Be4 Qd7 15. Bd2 Nc6 {½-½ (41) Gretarsson,H (2511)-Rasmussen,A (2486) Warsaw 2013}) 12. Qxe2 {Be4 is the strong threat.} Qxd5 {[%mdl 64] [#] Double Attack} 13. O-O e6 14. Rfd1 Bb4 15. Bc4 Qe4 {[%cal Rc6d4]} 16. Bd3 Qd5 17. Bc4 Qe4 {[%cal Rc6d4]} 18. Bd3 (18. f3 $16 Qh4 19. f4) 1/2-1/2

[Event "V Sunway Sitges Open 2018"]
[Site "Sitges"]
[Date "2018.12.19"]
[Round "6"]
[White "Vasquez Schroeder, Rodrigo"]
[Black "Ingebretsen, Jens E"]
[Result "1-0"]
[WhiteElo "2495"]
[BlackElo "2251"]
[Annotator "TA"]
[PlyCount "125"]
[EventDate "2018.12.14"]
[EventType "swiss"]
[EventCountry "ESP"]
[SourceTitle "playchess.com"]
[Source "ChessBase"]
[SourceQuality "1"]

{[%evp 20,125,4,-13,31,30,93,97,76,86,73,63,82,48,58,63,41,47,79,68,183,177,187,200,198,171,199,206,197,208,243,235,345,335,332,320,411,414,417,400,392,406,374,400,397,397,395,397,393,382,450,389,486,481,490,487,483,491,472,447,466,458,576,548,737,752,737,471,519,518,708,697,764,738,710,570,548,564,554,562,561,556,546,538,661,672,672,655,734,722,758,518,29972,29973,29973,29974,29973,29975,29961,10781,29979,29980,29987,29988,29988,29989,29989,29990]} 1. d4 Nf6 2. Nf3 g6 3. Bf4 b6 4. e3 Bb7 5. h3 Bg7 6. c3 O-O 7. Nbd2 d6 8. Be2 Nbd7 9. O-O Qe8 10. a4 {[%cal Ba2a4,Ba4a5][%mdl 32] A48: 1 d4 Nf6 2 Nf3 g6: Torre, London and Colle Systems} e5 (10... a6 11. Qc2 e5 12. dxe5 dxe5 13. Bh2 e4 14. Nd4 Ne5 15. a5 b5 16. c4 b4 17. c5 Bd5 {0-1 (32) Vovk,Y (2617)-Wei,Y (2734) Baku 2015}) 11. Bh2 {LiveBook: 11 Games} h6 12. a5 {White is slightly better.} Nh7 $146 (12... Qe7 $11) ({Predecessor:} 12... Qe7 13. a6 Bc6 14. Qb3 Rad8 15. Rfd1 e4 16. Ne1 Nb8 17. Nc2 Kh7 {½-½ (40) Vega Sanchez,M-Menendez Artime,J Aviles 1970}) 13. Qa4 Rc8 14. Rfd1 Qe7 15. axb6 axb6 16. Qa7 (16. Qc4 {is interesting.} e4 17. Ne1 Ndf6 18. Nc2 Ra8 19. Nb4) 16... Rb8 17. Ba6 $36 {[%mdl 2048] White has some pressure.} Bxa6 18. Qxa6 e4 19. Ne1 {[%cal Bf3e1,Be1c2,Bc2b4,Bb4c6][%mdl 32]} b5 (19... Nhf6 $14) 20. Qc6 $1 $18 Ndf6 {[#] White must now prevent ...Rb6.} 21. Ra7 $1 Rfc8 22. Nc2 Bf8 {[#]} 23. Rda1 $1 Ng5 24. Nb4 Qd8 {And now ...Rb6 would win.} 25. R1a6 Be7 (25... Qe7 $142 26. Bg3 Kh8) 26. h4 Ne6 27. Nxe4 Nxe4 28. Qxe4 Bxh4 29. Nc6 Qf6 30. Qf3 ({Not} 30. Nxb8 Qxf2+ 31. Kh1 Rxb8 $16) 30... Qxf3 31. gxf3 Rb6 32. Rxb6 cxb6 33. d5 Nc7 34. e4 b4 35. Nxb4 Bg5 36. Rb7 Ne8 37. Rxb6 Ra8 38. Nc6 Bd2 39. Rb8 Rxb8 40. Nxb8 {[%mdl 4096] Endgame KBN-KBN} Kf8 41. Nc6 f5 42. exf5 gxf5 43. Nd4 Bc1 44. b4 {[%cal Bb2b4,Bb4b5][%mdl 32]} Bd2 45. Nc6 f4 46. b5 Nc7 47. c4 Na8 48. Kf1 Nb6 49. Ke2 Bc1 50. Kd3 h5 51. Nd4 Kf7 52. Nf5 Nc8 53. Ke4 Ba3 54. Bxf4 Kf6 55. Bg3 Kg5 (55... Kg6 $18 56. Bf4 Bb4) 56. Bh4+ Kg6 57. Ne7+ Nxe7 58. Bxe7 {KB-KB} Bc5 59. Bd8 Bxf2 60. b6 {White mates.} h4 61. b7 Ba7 62. Bc7 h3 63. Bxd6 {Accuracy: White = 88%, Black = 31%.} 1-0

[Event "V Sunway Sitges Open 2018"]
[Site "Sitges"]
[Date "2018.12.19"]
[Round "6"]
[White "Sosa, Tomas"]
[Black "Pranav Anand"]
[Result "1/2-1/2"]
[WhiteElo "2488"]
[BlackElo "2274"]
[Annotator "TA"]
[PlyCount "41"]
[EventDate "2018.12.14"]
[EventType "swiss"]
[EventCountry "ESP"]
[SourceTitle "playchess.com"]
[Source "ChessBase"]
[SourceQuality "1"]

{[%evp 29,41,-15,16,14,14,15,21,-16,-16,-16,-16,-16,-23,-28]} 1. e4 c5 2. Nf3 Nc6 3. d4 cxd4 4. Nxd4 Nf6 5. Nc3 e5 6. Ndb5 d6 7. Bg5 a6 8. Na3 b5 9. Nd5 Be7 10. Bxf6 Bxf6 11. c4 b4 12. Nc2 a5 13. g3 {B33: Sicilian: Pelikan and Sveshnikov Variations} O-O 14. h4 (14. Bg2 g6 15. O-O Bg7 16. b3 Rb8 17. Qd2 Be6 18. Rad1 Rb7 19. Kh1 a4 20. f4 axb3 21. axb3 {1-0 (58) Kravtsiv,M (2672)-Vidit,S (2715) Riadh 2017}) 14... Be6 15. Bh3 Rc8 {LiveBook: 3 Games} 16. Qf3 Nd4 17. Nxd4 exd4 18. Nxf6+ Qxf6 19. Qxf6 gxf6 {[#]} 20. Bxe6 $146 ({Predecessor:} 20. Bf1 Bxc4 {½-½ (49) Zubarev,A (2590)-Stojanovski,S (2214) Borup 2012}) 20... fxe6 21. b3 1/2-1/2